000 00707nam a2200265Ia 4500
003 OSt
005 20220918191554.0
006 a|||||r|||| 00| 0
007 ta
008 220917b |||||||| |||| 00| 0 eng d
024 _a64,146
037 _cTextual
040 _aARTS
_cARTS
_beng
041 _2eng
_aeng
082 _aR0aT, M1;M6
100 _aOzmon H A
_976698
245 0 _aPhilosophical foundations of education
250 _a3rd
260 _aColombus
_bMerrill
_c1986
300 _axiii, 333p.
_ccm.
650 _aPHILOSOPHY; EDUCATION
_934577
700 _a Craver S M
_976699
942 _hR0aT, M1;M6
_cTEXL
_2CC
999 _c190622
_d190622